[Event "The 2008 Scotland the Brave Stromash"]
[Site "SchemingMind.com"]
[Date "2008.03.31"]
[Round "-"]
[White "SLAINTIE MHATH"]
[Black "opageo"]
[Result "0-1"]
[WhiteCountry "POL"]
[BlackCountry "SCO"]
[WhiteElo "1655"]
[WhiteRD "50"]
[BlackElo "2120"]
[BlackRD "97"]
[GameID "148283"]

1. Nf3 g6 2. g3 d6 3. Bg2 Bg7 4. O-O Nd7 5. d4 Ngf6 6. Nc3 O-O 7. e4 e5 8. Bg5 exd4 9. Nxd4 h6 10. Bf4 Re8
11. b4 Ne5 12. h3 g5 13. Be3 Nc4 14. Bc1 c5 15. bxc5 dxc5 16. Nf5 Bxf5 17. exf5 Nh7 18. Qd3 Qxd3 19. cxd3 Bxc3 20. Rb1 Nd6
21. g4 Nf6 22. Ba3 Bd4 23. Rfc1 Rac8 24. Bxb7 Nxb7 25. Rxb7 Nd5 26. Rb5 Nf4 27. Rd1 Nxh3+ 28. Kg2 Nf4+ 29. Kf3 Re2 30. Rf1 Rd2
31. Rb7 Rxd3+ 32. Ke4 Re8+
0-1

[Event "The 2008 Scotland the Brave Stromash"]
[Site "SchemingMind.com"]
[Date "2008.04.04"]
[Round "-"]
[White "Swalastova"]
[Black "opageo"]
[Result "0-1"]
[WhiteCountry "SCO"]
[BlackCountry "SCO"]
[WhiteElo "1666"]
[WhiteRD "85"]
[BlackElo "2189"]
[BlackRD "88"]
[GameID "148284"]

1. e4 c6 2. d4 d5 3. Nc3 dxe4 4. Nxe4 Bf5 5. Ng3 Bg6 6. h4 h6 7. Nf3 Nd7 8. h5 Bh7 9. Bd3 Bxd3 10. Qxd3 Ngf6
11. Bf4 Qa5+ 12. Bd2 Qc7 13. O-O-O e6 14. Kb1 Bd6 15. Ne4 Nxe4 16. Qxe4 O-O-O 17. Bc3 Nf6 18. Qe2 Nd5 19. g3 Nxc3+ 20. bxc3 Qa5
21. Ne5 Rhf8 22. Rd3 Qb5+ 23. Ka1 Bxe5 24. dxe5 Rd5 25. Rb1 Rxe5 26. Qd2 Qa6 27. Rd1 Rd5 28. Rxd5 cxd5 29. g4 Kb8 30. g5 hxg5
31. Qxg5 Rc8 32. Qg3+ Ka8 33. Rd3 Qa3 34. Kb1 Rc6 35. c4 Qb4+ 36. Rb3 Qxc4 37. c3 Qf1+ 38. Kc2 Qe2+ 39. Kc1 Qxh5 40. Qxg7 Rc8
41. Qd4 Qe2 42. Qf6 Qxa2 43. Rb2 Qa1+ 44. Kc2 Qe1 45. Rb3 Qe2+ 46. Kc1 Rg8
0-1

[Event "The 2008 Scotland the Brave Stromash"]
[Site "SchemingMind.com"]
[Date "2008.04.01"]
[Round "-"]
[White "JOZIN Z BAZIN"]
[Black "keen"]
[Result "1/2-1/2"]
[WhiteCountry "POL"]
[BlackCountry "SCO"]
[WhiteElo "1821"]
[WhiteRD "77"]
[BlackElo "1820"]
[BlackRD "54"]
[GameID "148677"]

1. Nf3 d5 2. c4 d4 3. c5 Nc6 4. d3 e5 5. Qc2 Bg4 6. a3 a5 7. h3 Bxf3 8. gxf3 Qd5 9. Bg2 Qxc5 10. Qxc5 Bxc5
11. Bg5 h6 12. Bh4 Nge7 13. Bxe7 Nxe7 14. Nd2 O-O-O 15. Rb1 Rhe8 16. Nc4 b6 17. Nxe5 f6 18. Nc4 Nd5 19. Kd2 Nf4 20. Bf1 Nd5
21. Rg1 g5 22. a4 Nf4 23. e3 dxe3+ 24. fxe3 Nd5 25. d4 Bb4+ 26. Ke2 c5 27. Kf2 Kc7 28. e4 Nf4 29. d5 Kb7 30. Rd1 Ne6
31. e5 fxe5 32. d6 Nd4 33. Bg2 Ka6 34. Bf1 Kb7=
1/2-1/2

[Event "The 2008 Scotland the Brave Stromash"]
[Site "SchemingMind.com"]
[Date "2008.04.01"]
[Round "-"]
[White "JOZIN Z BAZIN"]
[Black "tiggeronvrb"]
[Result "0-1"]
[WhiteCountry "POL"]
[BlackCountry "SCO"]
[WhiteElo "1595"]
[WhiteRD "62"]
[BlackElo "1816"]
[BlackRD "55"]
[GameID "148678"]

1. c4 Nf6 2. Nc3 e5 3. e4 Bc5 4. Nf3 d6 5. h3 O-O 6. d3 Be6 7. Bg5 c6 8. a3 a5 9. d4 exd4 10. Nxd4 Nbd7
11. f4 Qb6 12. Na4 Qa7 13. Nxc5 Qxc5 14. Nxe6 fxe6 15. Bd3 Qd4 16. Bxf6 Nxf6 17. Qe2 d5 18. e5 Nh5 19. Bxh7+ Kxh7 20. Qxh5+ Kg8
21. g3 Qxc4 22. Qg6 d4 23. Rd1 Qd5 24. O-O c5 25. h4 Qd7 26. g4 Qf7 27. Qe4 b6 28. f5 Rad8 29. Rd3 exf5 30. Rxf5 Qe6
31. Rdf3 b5 32. h5 Rxf5 33. gxf5 Qd5 34. Qg4 Qxe5 35. h6 Qf6 36. Rh3 Rd7 37. Qg3 Rf7 38. h7+ Kh8 39. Rh5 b4 40. Rg5 Kxh7
41. Qh2+ Kg8 42. Rh5 Rf8 43. Rh8+ Kf7 44. Qh5+ Ke7 45. Rxf8 Kxf8 46. Qf3 Qg5+ 47. Kf2 Qd2+ 48. Kg3 Qe3 49. Qxe3 dxe3 50. Kf3 bxa3
51. bxa3 e2 52. Kxe2 Kf7 53. Kd3 Kf6 54. Kc4 Kxf5 55. Kxc5 g5 56. Kb5 g4 57. Kxa5 g3 58. a4 g2 59. Kb5 g1=Q 60. a5 Qa7
61. a6 Ke6 62. Ka5 Kd6 63. Kb5 Kc7 64. Ka5 Qb6+ 65. Ka4 Qxa6+ 66. Kb4 Qc6 67. Kb3 Kd6 68. Kb4 Kd5 69. Kb3 Kd4 70. Kb2 Kd3
71. Kb1 Kd2
0-1

[Event "The 2008 Scotland the Brave Stromash"]
[Site "SchemingMind.com"]
[Date "2008.04.02"]
[Round "-"]
[White "JOZIN Z BAZIN"]
[Black "manteca"]
[Result "1-0"]
[WhiteCountry "POL"]
[BlackCountry "MEX"]
[WhiteElo "1592"]
[WhiteRD "62"]
[BlackElo "1449"]
[BlackRD "94"]
[GameID "148679"]

1. e4 c5 2. Bc4 e6 3. d3 Bd6 4. Nf3 Nc6 5. O-O Nf6 6. Bb5 Qc7 7. Bxc6 Qxc6 8. e5 Ng4 9. exd6 Qxd6 10. Nbd2 O-O
11. h3 Nf6 12. b3 b6 13. Bb2 Qf4 14. Re1 Bb7 15. g3 Qh6 16. Kg2 d5 17. Bxf6 Qxf6 18. Re5 d4 19. Ne4 Bxe4 20. Rxe4 Rad8
21. Ne5 Rd5 22. f4 Qe7 23. Qg4 f5 24. Nc6 Qf7 25. Qg5 Rd7 26. Ne5 Qe8 27. Nxd7 fxe4 28. Nxf8 Qxf8 29. dxe4 Qa8 30. Re1 a5
31. Qe7 Qc8 32. f5 exf5 33. exf5 Qxf5 34. Qe6+ Qf7 35. Qc8+ Qf8 36. Re8
1-0

[Event "The 2008 Scotland the Brave Stromash"]
[Site "SchemingMind.com"]
[Date "2008.04.03"]
[Round "-"]
[White "JOZIN Z BAZIN"]
[Black "opageo"]
[Result "0-1"]
[WhiteCountry "POL"]
[BlackCountry "SCO"]
[WhiteElo "1592"]
[WhiteRD "62"]
[BlackElo "2131"]
[BlackRD "96"]
[GameID "148680"]

1. b3 d6 2. g3 g6 3. Bb2 e5 4. d4 Bg7 5. dxe5 Bxe5 6. Bxe5 dxe5 7. Qxd8+ Kxd8 8. Nc3 Bd7 9. O-O-O Kc8 10. Bg2 f5
11. Bd5 Nf6 12. Bc4 Bc6 13. f3 Nbd7 14. Be6 Re8 15. Bxd7+ Nxd7 16. Nh3 b5 17. a3 a5 18. Ng5 h6 19. Nh3 b4 20. Na4 bxa3
21. Kb1 Bxa4 22. bxa4 Nc5 23. Ka2 Nxa4 24. Rd3 e4 25. Rxa3 Nb6 26. Rc3 Nd5 27. Rb3 a4 28. Ra3 Nb4+ 29. Kb2 exf3 30. exf3 Re2
31. Rc1 Rxh2 32. Nf4 g5 33. Ne6 Rb8 34. Kc3 Re2 35. Rxa4 Nd5+ 36. Kd3 Rxe6 37. Ra5 Rd6 38. Kc4 Ne3+ 39. Kc3 Kd7 40. Re1 f4
41. gxf4 gxf4 42. Ra4 Nd5+
0-1

[Event "The 2008 Scotland the Brave Stromash"]
[Site "SchemingMind.com"]
[Date "2008.04.06"]
[Round "-"]
[White "JOZIN Z BAZIN"]
[Black "Swalastova"]
[Result "0-1"]
[WhiteCountry "POL"]
[BlackCountry "SCO"]
[WhiteElo "1463"]
[WhiteRD "61"]
[BlackElo "1637"]
[BlackRD "84"]
[GameID "148682"]

1. c4 c5 2. e4 Nc6 3. d3 e5 4. Nf3 Nd4 5. Nc3 h6 6. Nxd4 cxd4 7. Nd5 Nf6 8. a3 d6 9. h3 Be7 10. b4 Nxd5
11. cxd5 Bd7 12. Be2 b5 13. O-O Qc7 14. Bg4 Bg5
0-1

[Event "The 2008 Scotland the Brave Stromash"]
[Site "SchemingMind.com"]
[Date "2008.04.01"]
[Round "-"]
[White "keen"]
[Black "JOZIN Z BAZIN"]
[Result "1-0"]
[WhiteCountry "SCO"]
[BlackCountry "POL"]
[WhiteElo "1820"]
[WhiteRD "54"]
[BlackElo "1821"]
[BlackRD "77"]
[GameID "148683"]

1. d4 c5 2. Nf3 cxd4 3. Nxd4 g6 4. Nc3 Qa5 5. Bd2 Bg7 6. Nb3 Qf5 7. e4 Qe6 8. Bd3 Nf6 9. O-O O-O 10. Qf3 d6
11. Rfe1 Nc6 12. Rad1 a6 13. Be3 Ne5 14. Qe2 b5 15. Qd2 Bb7 16. Bh6 Neg4 17. Bxg7 Kxg7 18. h3 Ne5 19. Na5 Rab8 20. Nxb7 Rxb7
21. Nd5 Nxd5 22. exd5 Qxd5 23. Qc3 f6 24. Be4 b4 25. Bxd5 bxc3 26. Bxb7 Rb8 27. Bd5 cxb2 28. Bb3 Nc6 29. Rb1 e5 30. Rxb2 Nd4
31. Rbb1 h5 32. Ba4 Rc8 33. Rb7+ Kh6 34. Rb6 a5 35. Rxd6 Kg5 36. Rd5 Kf4 37. Rxa5 h4 38. Ra6 Kg5 39. Bb3 Nxc2 40. Bxc2 Rxc2
41. a4 Rc4 42. Ra1 f5 43. a5 e4 44. Rb6 f4 45. a6 e3 46. fxe3 fxe3 47. a7 e2 48. Re6 Rc2 49. a8=Q
1-0

[Event "The 2008 Scotland the Brave Stromash"]
[Site "SchemingMind.com"]
[Date "2008.04.01"]
[Round "-"]
[White "tiggeronvrb"]
[Black "JOZIN Z BAZIN"]
[Result "1-0"]
[WhiteCountry "SCO"]
[BlackCountry "POL"]
[WhiteElo "1771"]
[WhiteRD "55"]
[BlackElo "1866"]
[BlackRD "129"]
[GameID "148684"]

1. e4 e5 2. Nf3 Nf6 3. Nxe5 Nxe4 4. Qe2 d5 5. d3 Qd6 6. Nf3 Bf5 7. dxe4 dxe4 8. Nfd2 Qb4 9. Qb5+ Qxb5 10. Bxb5+ c6
11. Bc4 e3 12. fxe3 Bxc2 13. O-O f6 14. Nc3 Bc5 15. Nde4 Be7 16. Rf2 Bxe4 17. Nxe4 Nd7 18. Bd2 Ne5 19. Bb3 O-O-O 20. Bc3 Ng4
21. Be6+ Kb8 22. Bxg4 Rhf8 23. Bf3 g5 24. Rd2 f5 25. Rxd8+ Rxd8 26. Nf2 g4 27. Nxg4 Bc5 28. Nf2 Bxe3 29. Rd1 Rxd1+ 30. Bxd1 Kc7
31. Bc2 f4 32. Bxh7 Kd6 33. Kf1 b5 34. Ke2 Ke7 35. Nd3 Ke6 36. Kf3 Kd6 37. Nxf4 Bxf4 38. Kxf4 c5 39. a3
1-0

[Event "The 2008 Scotland the Brave Stromash"]
[Site "SchemingMind.com"]
[Date "2008.04.02"]
[Round "-"]
[White "manteca"]
[Black "JOZIN Z BAZIN"]
[Result "1-0"]
[WhiteCountry "MEX"]
[BlackCountry "POL"]
[WhiteElo "1584"]
[WhiteRD "87"]
[BlackElo "1463"]
[BlackRD "61"]
[GameID "148685"]

1. e4 e5 2. Bc4 Qf6 3. Nf3 Bc5 4. d3 h6 5. Nc3 c6 6. Qe2 d6 7. Be3 Bb4 8. Bd2 Bg4 9. h3 Be6 10. Bxe6 Qxe6
11. O-O Nd7 12. a3 Bc5 13. Be3 Ngf6 14. d4 exd4 15. Bxd4 O-O 16. Bxc5 Nxc5 17. Nd4 Qd7 18. b4 Ne6 19. Nxe6 fxe6 20. f4 e5
21. fxe5 dxe5 22. Rad1 Qe7 23. Qe3 b5 24. Ne2 a5 25. c3 a4 26. Ng3 Rad8 27. Nf5 Qe6 28. g4 Rxd1 29. Rxd1 Qc4 30. g5 Nxe4
31. Qf3 Kh8 32. Nd6 Rxf3 33. Nxc4 bxc4 34. gxh6 gxh6 35. Rd8+ Kg7 36. Rc8 Rf6 37. Ra8 Nxc3 38. Ra5 e4 39. Rc5
1-0

[Event "The 2008 Scotland the Brave Stromash"]
[Site "SchemingMind.com"]
[Date "2008.04.01"]
[Round "-"]
[White "opageo"]
[Black "JOZIN Z BAZIN"]
[Result "1-0"]
[WhiteCountry "SCO"]
[BlackCountry "POL"]
[WhiteElo "2120"]
[WhiteRD "97"]
[BlackElo "1821"]
[BlackRD "77"]
[GameID "148686"]

1. d4 g6 2. f4 Bg7 3. Nf3 d5 4. e3 Bg4 5. Be2 e6 6. O-O Nd7 7. c4 c6 8. Qb3 Rb8 9. Bd2 Ngf6 10. Qa3 Bxf3
11. Rxf3 a6 12. Ba5 Qe7 13. Bb4 c5 14. dxc5 Qd8 15. Nc3 O-O 16. c6 bxc6 17. Bd6 Ne4 18. Bxb8 Qxb8 19. cxd5 cxd5 20. Rc1 Rc8
21. Bxa6 Rxc3 22. bxc3 Qb6 23. Bd3 f5 24. Qa8+ Kf7 25. a4 Qb2 26. Rb1 Qxc3 27. Qa7 Qxd3 28. Qxd7+ Kg8 29. Qxe6+ Kh8 30. Qe8+
1-0

[Event "The 2008 Scotland the Brave Stromash"]
[Site "SchemingMind.com"]
[Date "2008.04.01"]
[Round "-"]
[White "SLAINTIE MHATH"]
[Black "JOZIN Z BAZIN"]
[Result "0-1"]
[WhiteCountry "POL"]
[BlackCountry "POL"]
[WhiteElo "1608"]
[WhiteRD "49"]
[BlackElo "1866"]
[BlackRD "129"]
[GameID "148687"]

1. e3 e5 2. Bb5 a6 3. Bc4 b5 4. Bb3 Bb7 5. f3 Bc5 6. Ne2 e4 7. fxe4 Bxe4 8. O-O Qg5 9. g3 f5 10. d4 Bd6
11. Nbc3 Bb7 12. Qd3 Ne7 13. Rf2 Nbc6 14. Bd2 O-O-O 15. a4 Ng6 16. axb5 axb5 17. Qxb5 Rde8 18. Bf7 Rxe3 19. Bxe3 Qxe3 20. Ra7 Nxa7
21. Qa5 Rf8 22. Bxg6 hxg6 23. Qxa7 f4 24. gxf4 g5 25. f5 Bxh2+ 26. Kf1 Bg3 27. Nd1 Qe4 28. Rg2 Rxf5+ 29. Rf2 Rxf2+ 30. Nxf2 Qg2+
31. Ke1 Bxf2+ 32. Kd2 Qe4 33. Qc5 d6 34. Qxg5 Ba6 35. Qh5 Bxe2 36. Qxe2 Qxd4+ 37. Qd3 Qxd3+ 38. cxd3 g5 39. Ke2 Bh4 40. Kf3 Kd7
41. Kg4 Ke6 42. b4 Kd5 43. b5 Kd4 44. Kf5 Kxd3 45. Ke6 Kc4 46. Kd7 Kxb5 47. Kxc7 g4 48. Kxd6 g3
0-1

[Event "The 2008 Scotland the Brave Stromash"]
[Site "SchemingMind.com"]
[Date "2008.04.06"]
[Round "-"]
[White "Swalastova"]
[Black "JOZIN Z BAZIN"]
[Result "1-0"]
[WhiteCountry "SCO"]
[BlackCountry "POL"]
[WhiteElo "1637"]
[WhiteRD "84"]
[BlackElo "1463"]
[BlackRD "61"]
[GameID "148688"]

1. e4 e5 2. Nf3 Nf6 3. Nxe5 d6 4. Nxf7 Kxf7 5. d4 Nxe4 6. Qh5+ Ke7 7. Qh4+ Nf6 8. Bc4 Be6 9. Bxe6 Kxe6 10. Nc3 Be7
11. O-O d5 12. Re1+ Kf7 13. Bg5
1-0

[Event "The 2008 Scotland the Brave Stromash"]
[Site "SchemingMind.com"]
[Date "2008.04.29"]
[Round "-"]
[White "cnile"]
[Black "keen"]
[Result "0-1"]
[WhiteCountry "SCO"]
[BlackCountry "SCO"]
[WhiteElo "1454"]
[WhiteRD "67"]
[BlackElo "1820"]
[BlackRD "54"]
[GameID "152609"]

1. e4 c5 2. Nf3 d6 3. c3 Nc6 4. d4 cxd4 5. cxd4 g6 6. Bb5 Bg7 7. d5 a6 8. Qa4 Bg4 9. Bxc6+ bxc6 10. Qxc6+ Bd7
11. Qc2 Rc8 12. Qb3 Rb8 13. Qc2 Rc8 14. Qb3 Rxc1+ 15. Ke2 Rxh1 16. e5 Bb5+ 17. Ke3 dxe5 18. Nc3 Rxa1 19. Ng5 Nh6 20. Nxb5 Qb6+
21. Ke4 O-O 22. h4 Qxf2 23. Nc7 Re1+ 24. Kd3 Re3+ 25. Kc4 Rxb3 26. Kxb3 Qb6+ 27. Kc2 Qxc7+ 28. Kb1 Rc8
0-1

[Event "The 2008 Scotland the Brave Stromash"]
[Site "SchemingMind.com"]
[Date "2008.04.29"]
[Round "-"]
[White "cnile"]
[Black "tiggeronvrb"]
[Result "0-1"]
[WhiteCountry "SCO"]
[BlackCountry "SCO"]
[WhiteElo "1486"]
[WhiteRD "71"]
[BlackElo "1816"]
[BlackRD "55"]
[GameID "152610"]

1. e4 c6 2. c4 d5 3. cxd5 cxd5 4. exd5 Nf6 5. Nc3 Nxd5 6. d4 Nc6 7. Bc4 Nb6 8. Bb5 Bd7 9. Nf3 e6 10. O-O Bd6
11. Be3 O-O 12. Be2 Rc8 13. h3 Ne7 14. Rc1 Nf5 15. Ne5 Nxe3 16. fxe3 Bxe5 17. dxe5 Qg5 18. Qd4 Rfd8 19. Qb4 Qxe3+ 20. Kh1 Qxe5
21. Rfe1 Bc6 22. Bb5 Qg5 23. Bxc6 Rxc6 24. a4 Rc7 25. a5 Nd5 26. Qb5 Rcd7 27. Nxd5 Qxd5 28. Qxd5 Rxd5 29. b4 Kf8 30. Rc7 R8d7
31. Rc8+ Ke7 32. Rh8 h6 33. Rg8 g6 34. Rg7 Rd1 35. Rxd1 Rxd1+ 36. Kh2 Rb1 37. Rg8 Rxb4 38. Ra8 Rb5 39. Rxa7 Kd6 40. Ra8 Kc7
41. Rf8 f5 42. Ra8 e5 43. a6 bxa6 44. Rxa6 Rb6 45. Ra7+ Kd6 46. Rh7 h5 47. Rg7 Kd5 48. Rd7+ Rd6 49. Ra7 e4 50. Ra5+ Kd4
51. Ra4+ Ke3 52. Kg1 f4 53. Ra3+ Rd3 54. Ra6 g5 55. Ra5 g4 56. Rxh5 g3 57. Ra5 Rd1#
0-1

[Event "The 2008 Scotland the Brave Stromash"]
[Site "SchemingMind.com"]
[Date "2008.04.29"]
[Round "-"]
[White "cnile"]
[Black "manteca"]
[Result "0-1"]
[WhiteCountry "SCO"]
[BlackCountry "MEX"]
[WhiteElo "1467"]
[WhiteRD "77"]
[BlackElo "1506"]
[BlackRD "94"]
[GameID "152611"]

1. e4 c5 2. Nf3 d6 3. d4 cxd4 4. Nxd4 e5 5. Nb3 Nf6 6. Nc3 Be7 7. Be2 Nc6 8. Be3 Bd7 9. O-O O-O 10. Nd2 Be6
11. a3 a6 12. Nc4 b5 13. Nd2 d5 14. exd5 Nxd5 15. Nf3 Nxe3 16. fxe3 Bc5 17. Ne4 Bxe3+ 18. Kh1 f5 19. Ng3 e4 20. Qxd8 Raxd8
21. Ng1 Rd2 22. Rac1 Nd4 23. c3 Nxe2 24. N3xe2 Rxb2 25. Nd4 Bxd4 26. cxd4 Rd2 27. Rfd1 Rxd1 28. Rxd1 Rd8 29. Ne2 Bc4 30. Ng3 g6
31. h3 e3 32. Kg1 f4 33. Ne4 e2 34. Re1 Rxd4 35. Nc3 Rd3 36. Nxe2 Re3 37. Kf2 Bxe2 38. Rxe2 Rxa3 39. Re6 b4 40. Rb6 b3
41. Kf3 b2+ 42. Kxf4 Ra4+ 43. Kg5 Ra5+ 44. Kf6 Rb5 45. Rd6 Rf5+ 46. Ke6 b1=Q 47. g4 Qe4+ 48. Kd7 Qb7+ 49. Ke6 Qf7#
0-1

[Event "The 2008 Scotland the Brave Stromash"]
[Site "SchemingMind.com"]
[Date "2008.04.30"]
[Round "-"]
[White "cnile"]
[Black "opageo"]
[Result "0-1"]
[WhiteCountry "SCO"]
[BlackCountry "SCO"]
[WhiteElo "1486"]
[WhiteRD "71"]
[BlackElo "2109"]
[BlackRD "96"]
[GameID "152612"]

1. e4 c6 2. c4 d5 3. cxd5 cxd5 4. exd5 Nf6 5. Nc3 Nxd5 6. d4 e6 7. Nf3 Nc6 8. Bc4 Bb4 9. O-O Nxc3 10. bxc3 Bxc3
11. Ba3 Bxa1 12. Qxa1 Qf6 13. Bb5 Bd7 14. Bxc6 Bxc6 15. Qc3 Bxf3 16. gxf3 Qg5+ 17. Kh1 Qd5 18. Qb4 Qxf3+ 19. Kg1 Qg4+ 20. Kh1 O-O-O
21. Rc1+ Kb8 22. Rb1 Qe4+ 23. Kg1 Rxd4 24. Qb5 Rhd8 25. Bc5 Qg4+ 26. Kf1 Rd1+ 27. Rxd1 Rxd1#
0-1

[Event "The 2008 Scotland the Brave Stromash"]
[Site "SchemingMind.com"]
[Date "2008.04.30"]
[Round "-"]
[White "cnile"]
[Black "SLAINTIE MHATH"]
[Result "1-0"]
[WhiteCountry "SCO"]
[BlackCountry "POL"]
[WhiteElo "1542"]
[WhiteRD "68"]
[BlackElo "1484"]
[BlackRD "64"]
[GameID "152613"]

1. e4 e5 2. Nf3 Nf6 3. Nxe5 d6 4. Nf3 Nxe4 5. Nc3 Nxc3 6. dxc3 Bg4 7. Bf4 g5 8. Qe2+ Qe7 9. Bxg5 Qxe2+ 10. Bxe2 Nd7
11. O-O-O Bg7 12. Rhe1 O-O 13. h3 Be6 14. Kb1 a6 15. Nd4 Rae8 16. Bf3 h6 17. Nxe6 Rxe6 18. Rxe6 fxe6 19. Be3 d5 20. Bg4 Kf7
21. Bd4 Bxd4 22. Rxd4 c5 23. Rf4+ Nf6 24. c4 d4 25. Bh5+ Kg7 26. Bf3 b6 27. g4 Nd7 28. Rxf8 Nxf8 29. Bb7 a5 30. b3 Kf6
31. Kc1 e5 32. Kd2 Kg5 33. Ke2 Kf4 34. Bd5 e4 35. a3 Nd7 36. Be6
1-0

[Event "The 2008 Scotland the Brave Stromash"]
[Site "SchemingMind.com"]
[Date "2008.05.04"]
[Round "-"]
[White "cnile"]
[Black "Swalastova"]
[Result "0-1"]
[WhiteCountry "SCO"]
[BlackCountry "SCO"]
[WhiteElo "1542"]
[WhiteRD "68"]
[BlackElo "1637"]
[BlackRD "84"]
[GameID "152614"]

1. e4 c5 2. Nf3 d6 3. Nc3 Nf6 4. d4 cxd4 5. Nxd4 Bd7 6. Be3 a6 7. Qf3 e6 8. Be2 Qc7 9. a4 Be7 10. O-O O-O
11. Rfe1 Nc6 12. Rad1 Nxd4 13. Bxd4 e5 14. Be3 Bg4 15. Qg3 Bxe2 16. Rxe2 Rfe8 17. Red2 g6 18. Bg5 Red8 19. Nd5 Nxd5 20. Rxd5 Bxg5
21. Qxg5 Qxc2 22. g3 Qxe4 23. Rxd6 Rxd6 24. Rxd6 Rc8 25. Qh6 Qb1+ 26. Kg2 Qe4+ 27. Kh3 Qxa4 28. Rb6 Qd7+ 29. Kg2 Qd5+ 30. Kh3 Rc4
31. Qg5 Qd1 32. Qe7 Qf1#
0-1

[Event "The 2008 Scotland the Brave Stromash"]
[Site "SchemingMind.com"]
[Date "2008.04.30"]
[Round "-"]
[White "cnile"]
[Black "JOZIN Z BAZIN"]
[Result "1-0"]
[WhiteCountry "SCO"]
[BlackCountry "POL"]
[WhiteElo "1542"]
[WhiteRD "68"]
[BlackElo "1463"]
[BlackRD "61"]
[GameID "152615"]

1. e4 e5 2. Nf3 Nf6 3. Nxe5 d6 4. Nf3 Nxe4 5. Nc3 Qe7 6. Nxe4 Qxe4+ 7. Qe2 Qxe2+ 8. Bxe2 Bg4 9. d4 d5 10. O-O Bxf3
11. Bxf3 c6 12. Re1+ Be7 13. Bd2 a5 14. Re5 Nd7 15. Re2 f6 16. Rae1 Kd8 17. Rxe7 g5 18. Bg4 Nb6 19. Rd7+ Nxd7 20. Re6 Re8
21. Rxe8+ Kxe8 22. Bh5+ Kf8 23. Bg4 Ke7 24. Kf1 Nb6 25. b3 a4 26. Bb4+ Kd8 27. Bf5 h5 28. Bc5 Nd7 29. b4 Nxc5 30. dxc5 a3
31. c3 Ke7 32. Ke2 h4 33. Kf3 Rd8 34. Ke3 Rb8 35. g3 hxg3 36. hxg3 Rh8 37. Bd3 Ke6 38. g4 Rh3+ 39. Kd4 Rf3 40. c4 Rxf2
41. cxd5+ cxd5 42. Bf5+
1-0

[Event "The 2008 Scotland the Brave Stromash"]
[Site "SchemingMind.com"]
[Date "2008.04.29"]
[Round "-"]
[White "keen"]
[Black "cnile"]
[Result "1-0"]
[WhiteCountry "SCO"]
[BlackCountry "SCO"]
[WhiteElo "1820"]
[WhiteRD "54"]
[BlackElo "1454"]
[BlackRD "67"]
[GameID "152616"]

1. d4 e6 2. e3 c5 3. c3 cxd4 4. exd4 Nf6 5. Bd3 b6 6. Nf3 Bb7 7. O-O Be7 8. Bg5 O-O 9. Nbd2 Nc6 10. Qc2 h6
11. Bh4 d6 12. Rfe1 Re8 13. h3 Bf8 14. Ne4 Be7 15. Bg3 Rc8 16. Rad1 Nxe4 17. Bxe4 Bf6 18. Nh2 d5 19. Bd3 Ne7 20. Ng4 Nc6
21. Bf4 Na5 22. Re3 Be7 23. Ne5 Nc6 24. Nxf7 Kxf7 25. Bg6+ Kg8 26. Rxe6 Rf8 27. Bh7+ Kh8 28. Bxh6 Bg5 29. Bxg7+ Kxg7 30. Qg6+ Kh8
31. Qh5 Rc7 32. Bf5+ Kg8 33. Rg6+ Rg7 34. Rxg7+ Kxg7 35. Qh7+ Kf6 36. Qg6+ Ke7 37. Qe6#
1-0

[Event "The 2008 Scotland the Brave Stromash"]
[Site "SchemingMind.com"]
[Date "2008.04.29"]
[Round "-"]
[White "tiggeronvrb"]
[Black "cnile"]
[Result "1-0"]
[WhiteCountry "SCO"]
[BlackCountry "SCO"]
[WhiteElo "1765"]
[WhiteRD "59"]
[BlackElo "1454"]
[BlackRD "67"]
[GameID "152617"]

1. e4 c5 2. d4 cxd4 3. c3 dxc3 4. Nxc3 Nc6 5. Bc4 Nf6 6. Nf3 e6 7. O-O Bb4 8. e5 Ng4 9. Bf4 Qa5 10. Ne4 Ngxe5
11. Nxe5 Nxe5 12. a3 Be7 13. b4 Qc7 14. Rc1 Qb8 15. Re1 d5 16. Bb5+ Kf8 17. Qd4 Nf3+ 18. gxf3 Bf6 19. Nxf6 e5 20. Bxe5 gxf6
21. Bxb8 Rxb8 22. Qxf6 Rg8+ 23. Kh1 Bh3 24. Qd6+
1-0

[Event "The 2008 Scotland the Brave Stromash"]
[Site "SchemingMind.com"]
[Date "2008.04.29"]
[Round "-"]
[White "manteca"]
[Black "cnile"]
[Result "1-0"]
[WhiteCountry "MEX"]
[BlackCountry "SCO"]
[WhiteElo "1433"]
[WhiteRD "87"]
[BlackElo "1454"]
[BlackRD "67"]
[GameID "152618"]

1. e4 c5 2. Nf3 Nc6 3. Bc4 e6 4. Nc3 a6 5. d4 cxd4 6. Nxd4 Nf6 7. Be3 Bb4 8. Nxc6 Bxc3+ 9. bxc3 bxc6 10. Bg5 O-O
11. Qf3 Qa5 12. Bxf6 gxf6 13. O-O d5 14. exd5 cxd5 15. h4 Bd7 16. Bd3 Qxc3 17. Bxh7+ Kxh7 18. Qxc3
1-0

[Event "The 2008 Scotland the Brave Stromash"]
[Site "SchemingMind.com"]
[Date "2008.05.01"]
[Round "-"]
[White "opageo"]
[Black "cnile"]
[Result "1-0"]
[WhiteCountry "SCO"]
[BlackCountry "SCO"]
[WhiteElo "2120"]
[WhiteRD "97"]
[BlackElo "1454"]
[BlackRD "67"]
[GameID "152619"]

1. f4 Nh6 2. d4 d5 3. e3 Nd7 4. Nf3 f6 5. Bd3 e6 6. O-O Bd6 7. c3 c5 8. Qc2 f5 9. Ne5 Bxe5 10. fxe5 Qh4
11. Nd2 Ng4 12. Nf3 Qh6 13. e4 fxe4 14. Bxh6 Ne3 15. Bxe3 exd3 16. Qxd3 Nf8 17. Qb5+ Nd7 18. Ng5
1-0

[Event "The 2008 Scotland the Brave Stromash"]
[Site "SchemingMind.com"]
[Date "2008.04.30"]
[Round "-"]
[White "SLAINTIE MHATH"]
[Black "cnile"]
[Result "0-1"]
[WhiteCountry "POL"]
[BlackCountry "SCO"]
[WhiteElo "1484"]
[WhiteRD "64"]
[BlackElo "1542"]
[BlackRD "68"]
[GameID "152620"]

1. g3 Nf6 2. Bg2 g6 3. d3 d6 4. Bg5 Bg7 5. c3 O-O 6. Qb3 c6 7. Bh3 Bxh3 8. Nxh3 Qc7 9. Bxf6 Bxf6 10. Nd2 Nd7
11. O-O-O a5 12. f4 Nc5 13. Qc2 b5 14. e4 Rab8 15. d4 Nd7 16. e5 dxe5 17. fxe5 Bg7 18. Ng5 Rfc8 19. Ndf3 c5 20. Rhe1 cxd4
21. Rxd4 Nxe5 22. Nxe5 Bxe5 23. Rde4 Bf6 24. Nf3 b4 25. h4 bxc3 26. b3 Qxg3 27. Ne5 Bxe5 28. Rxe5 a4 29. Rxe7 axb3 30. axb3 Qxh4
31. R1e3 Qf4 32. Kb1 Qf1+ 33. Re1 Qb5 34. R1e3 Qf1+ 35. Re1 Qc4 36. Re8+ Kg7 37. Rxc8 Qxc8
0-1

[Event "The 2008 Scotland the Brave Stromash"]
[Site "SchemingMind.com"]
[Date "2008.05.04"]
[Round "-"]
[White "Swalastova"]
[Black "cnile"]
[Result "0-1"]
[WhiteCountry "SCO"]
[BlackCountry "SCO"]
[WhiteElo "1595"]
[WhiteRD "86"]
[BlackElo "1467"]
[BlackRD "77"]
[GameID "152621"]

1. e4 c5 2. Nf3 Nc6 3. d4 cxd4 4. Nxd4 Nf6 5. Nc3 e6 6. Ndb5 Bb4 7. Nd6+ Ke7 8. Nb5 Nxe4 9. Qf3 d5 10. a3 Qa5
11. Be2 a6 12. Nc7 Bxc3+ 13. bxc3 Qxc7 14. O-O Re8 15. a4 Ne5 16. Qe3 Nc4 17. Bxc4 Qxc4 18. Ba3+ Kd8 19. f3 Nxc3 20. Qg5+ f6
21. Qxg7 Qd4+ 22. Kh1 Bd7 23. f4 Ne4 24. Rab1 Nf2+ 25. Kg1 Nh3+ 26. Kh1 Qg1+
0-1

[Event "The 2008 Scotland the Brave Stromash"]
[Site "SchemingMind.com"]
[Date "2008.04.30"]
[Round "-"]
[White "JOZIN Z BAZIN"]
[Black "cnile"]
[Result "1-0"]
[WhiteCountry "POL"]
[BlackCountry "SCO"]
[WhiteElo "1592"]
[WhiteRD "62"]
[BlackElo "1484"]
[BlackRD "76"]
[GameID "152622"]

1. Nf3 Nf6 2. g3 g6 3. d3 d6 4. Bg5 Bg7 5. c3 c5 6. Qb3 O-O 7. Bxf6 Bxf6 8. Bg2 Nd7 9. Nbd2 Qc7 10. d4 Re8
11. e4 e5 12. d5 Nb6 13. h4 Nd7 14. Bh3 b6 15. g4 Nf8 16. g5 Bg7 17. h5 Bxh3 18. Rxh3 Rac8 19. hxg6 fxg6 20. O-O-O a6
21. Rdh1 b5 22. Nh4 Re7 23. Qd1 Qd8 24. Nf5 Rf7 25. Nxg7 Kxg7 26. Qg4 Nd7 27. Rxh7+ Kf8 28. Rh8+ Ke7 29. Rxd8 Kxd8 30. Rh8+ Kc7
31. Rxc8+ Kxc8 32. Qe6 Rxf2 33. Qxd6 Rg2 34. Qxa6+ Kd8 35. d6 Ke8 36. Qc8+ Kf7 37. Qxd7+ Kg8 38. Qe6+
1-0